Cuộc thí nghiệm hơn mười năm cho sự bãi bỏ giáo dục khoa cử chữ Hán /

Αποθηκεύτηκε σε:
Λεπτομέρειες βιβλιογραφικής εγγραφής
Κύριος συγγραφέας: Phạm Văn Khoái.
Μορφή: Άρθρο
Γλώσσα:Vietnamese
Θέματα:
Ετικέτες: Προσθήκη ετικέτας
Δεν υπάρχουν, Καταχωρήστε ετικέτα πρώτοι!
Thư viện lưu trữ: Thư viện Trường Đại học Đà Lạt
LEADER 00759nam a2200253 4500
001 DLU180187592
005 ##20181004
040 # # |a DLU  |b vie 
041 # # |a vie 
044 # # |a vn 
100 # # |a Phạm Văn Khoái. 
245 # # |a Cuộc thí nghiệm hơn mười năm cho sự bãi bỏ giáo dục khoa cử chữ Hán /  |c Phạm Văn Khoái. 
653 # # |a Bãi bỏ giáo dục  
653 # # |a Khoa cử 
653 # # |a Phép thi 
773 # # |t Tạp chí Hán Nôm  |g Số 2(135), 2016, tr. 29-40 
920 # # |a Phòng Tạp chí -- Trung tâm Thông tin - Thư viện Trường Đại học Đà Lạt 
900 # # |a True 
911 # # |a Hoàng Thị Huyền 
925 # # |a G 
926 # # |a A 
927 # # |a BB 
980 # # |a Thư viện Trường Đại học Đà Lạt